| 000 | 00825cam a22002411 4500 | ||
|---|---|---|---|
| 001 | l 23000257 | ||
| 003 | DLC | ||
| 005 | 20260227111529.0 | ||
| 008 | 790710s1923 sz i100 0 eng c | ||
| 010 | _al 23000257 | ||
| 035 | _a(OCoLC)5155425 | ||
| 040 |
_aU.S. Dept. of labor. Libr. _cOCl _dDLC |
||
| 042 | _apremarc | ||
| 050 | 0 | 0 |
_aHD4813 _b.I6 1923c |
| 110 | 2 | _aInternational Labour Office | |
| 245 | 1 | 0 |
_aInstitution of a procedure for amendment of conventions. _cReport prepared by the International labour office and submitted to governments for their observations. |
| 260 |
_aGeneva, _c1923. |
||
| 300 |
_a25 p. _c22 cm. |
||
| 500 | _aCover-title. | ||
| 500 | _aAt head of title: International labour office. | ||
| 650 | 0 | _aLabor laws and legislation, International. | |
| 740 | 0 | _aAmendment of conventions. | |
| 999 |
_c35714 _d35714 |
||